[Event "St Chely d'Aubrac op 7th"]
[Site "St Chely d'Aubrac"]
[Date "2007.07.18"]
[Round "6"]
[White "Vernet, Pierrick"]
[Black "Heudre, Clement"]
[Result "0-1"]
[WhiteElo "1199"]
[BlackElo "1420"]
[PlyCount "72"]
[EventDate "2007.07.07"]
[EventType "swiss"]
[EventRounds "9"]
[EventCountry "FIN"]
[SourceTitle "EXT 2008"]
[Source "ChessBase"]
[SourceDate "2007.11.25"]
[SourceVersion "1"]
[SourceVersionDate "2007.11.25"]
[SourceQuality "1"]

1. e4 e5 2. Nf3 Nc6 3. Bc4 Nf6 4. Ng5 d5 5. Bb5 h6 6. Bxc6+ bxc6 7. Nf3 Bg4 8. d4 dxe4 9. h3 exf3 10. gxf3 Bf5 11. f4 Qxd4 12. c3 Qxd1+ 13. Kxd1 Bd6 14. Re1 Nd7 15. Nd2 0-0-0 16. Nc4 exf4 17. Na5 Nb8 18. b4 Bxb4+ 19. Ke2 Rhe8+ 20. Kf1 Rxe1+ 21. Kxe1 Bxc3+ 22. Kf1 Bxa1 23. Bxf4 Bd3+ 24. Kg1 Bc3 25. Nb3 Na6 26. h4 Bc4 27. Nc1 Bd2 28. Ne2 Bxe2 29. Bxd2 Rxd2 30. a3 Ra2 31. a4 Rxa4 32. f3 Bxf3 33. Kf2 Bd5 34. h5 Rh4 35. Kg3 Rxh5 36. Kg4 g6 0-1